GTA 5 Quiz - Statistics

General Stats
  • This quiz has been taken 3,226 times
  • The average score is 6 of 10
Answer Stats
Hint Answer % Correct
character Franklin
97%
character Trevor
97%
caracter Michael
94%
franklins dog chop
89%
trevors friend ron
72%
helicopter that shoots missles buzzard
63%
motocross bike sanchez
41%
fastest car adder
38%
jeep from mercenaries mesa
20%
stunt plane mallard
14%
No matching quizzes found
Score Distribution
Percent of People with Each Score
Percentile by Number Answered
Your Score History
You have not taken this quiz